=LDR 00000nam 2200000 4500 =001 INLIS000000000037104 =005 20130612142842 =008 ***********************************Ind** =035 ##$$0010-061300000037104 =041 ##$$a Ind =082 ##$$a 813.01 =090 ##$$a 813.01, Cab c =100 ##$$a Canfielo, Jack =245 ##$$a Chicken soup for the unsinkable soul, kisah-kisah inspiratif tentang mengatasi tantangan hidup, Jack Canfiel, Mark Victor Hansen =260 ##$$a 2010 $b Jakarta =300 ##$$a xxiii, 454 hlm, 20 cm =650 ##$$a Fiksi Indonesia-cerita pendek =700 ##$$a Hansen, Mark Victor =850 ##$$a NBPNMAT =990 ##$$a 0001/BPAP-NTB/20142015